00850nam a2200181 i 4500001000700000003000700007005001700014008004100031080001800072100005200090245010500142250001200247260006200259300002200321505017300343650004700516852010500563187829SpMaBN20230906223036.0180312s1920 sp |||| | spa d a82.09".../04"1 aGarriga y Palau, Francisco Javier (d1864-1941)10aEstudios elementales de literatura b: el antiguo Oriente y los clásicos / cFrancisco J. Garriga. a2ª ed. aBarcelona : bLibrería Bosch, c1920 (fImp. Labraña) a383 p. ; c18 cm.8 aContiene: ; tNociones preliminares de etnografía: la religión, el lenguaje y las razas troncales ; tEl antiguo Oriente ; tLiteratura griega ; tLiteratura latina04aLiteratura antigua-xHistoria y crítica. aES-MaACLjL-31892 z- Enc. cart. z. - Donat. herederos de la bibl. de Mª del Pilar Costa Palacín